000 00171nam a22000857a 4500
082 _a823
100 _aVERMON THOMAS
245 _aMORE TALES FROM THE PANCHATANTRA
942 _cBK
999 _c8504
_d8504